Проект церкви с кельями в женской общине в гор. Старобельске, Харьковской губернии

RUSMARC
00005754cfm2a2200000#x 450
0017fd98a19-eacc-41d3-8c4d-b11c3805549a
00520241022153414.0
100##$a20131004l18651865k y0rusy0189 ca
1010#$arus
102##$aRU
251##$cДело
2250#$aФонд Техническо-строительный комитет МВД
$hОпись № 165
300##$aБумага. Тушь, карандаш, акварель
300##$aРукописный текст. Чернила
324##$aГрафика
801#0$aRU
$bРГИА
$c20131004
801#1$aRU
$bГлавНИВЦ
$c20131004
$2rusmarc
801#2$aRU
$bПБ им. Б.Н. Ельцина
$c20131004
$gRCR
$2rusmarc
850##$aФедеральное казенное учреждение "Российский государственный исторический архив"
852##$aРГИА
$j505
937##$aASBIBLIO_SCAN
$bРГИА_1293:_165:_505:
$d5486823
$hРГИА
2001#$aПроект церкви с кельями в женской общине в гор. Старобельске, Харьковской губернии
$eкопия
$j1865
215##$a2 листа
$cплан.
035##$a7fd98a19-eacc-41d3-8c4d-b11c3805549a
6061#$2nlr_sh
$3RU\NLR\AUTH\661503383
$aЦеркви и соборы
$jПланы
$yХарьковская губерния
605##$2acquisition_Prlib
$3LIBNET\UAF\0000107722
$aЛуганская Народная Республика: страницы истории
$jколлекция
605##$2acquisition_Prlib
$3DITM\AF\0000004675
$aТерритория
$lколлекция
607##$2prlib_sh
$3LIBNET\UAF\0000114107
$aСтаробельск, город (Луганская Народная Республика)
$jПланы
$xИстория
617##$2prlib_sh
$cХарьковская губерния
617##$2prlib_sh
$bЛуганская Народная Республика
686##$2rubbk
$a63.3(28-8Хар)52-37я64
$vLBC/M
686##$2rubbk
$a86.372я64
$vLBC/M
120##$abaa
121##$aa aaaa z
1220#$ad1865######
1231#$aa
124##$aa
$bj
206##$bВ одном английском дюйме 5 саженей
461#0$1001597a3917-b61a-443f-a337-cac2b95e7413
$12001
$aТехническо-строительный комитет МВД
$1251
$cФонд
$1852
$j1293
462#0$10012775f205-cece-486b-b956-69861bd91dfd
$12001
$a1842-1864 гг.
$vД. 505
$1251
$cОпись
$1852
$j165
Формат отображения